000 00369nam a2200145Ia 4500
008 240624s9999 xx 000 0 und d
041 _aeng
082 _a302.35 POR
100 _aPORTER LYMAN W
245 _aORGANIZATIONAL INFLUENCE PROCESSES
250 _a(2nd ed.)
260 _c2003
_aNew York
_bM E Sharpe
300 _axx, : 555 : p. : cm. ; 25
365 _c
_b28
999 _c21307
_d21307